Ishikawa Diagram as a Managerial Tool for Solving the Problem of Poverty in Relation to Food Waste
Pojednávanie o probléme chudoby najmä v súvislosti s plytvaním potravinami. Preskúmanie významných faktorov ovplyvňujúcich chudobu. Analýza problému chudoby pomocou manažérskeho analytického nástroja Ishikawa diagramu. Odhalenie príčin chudoby a prediskutovanie možných riešení vedúcich k znižovaniu...
Uložené v:
| Hlavný autor: | |
|---|---|
| Ďalší autori: | , |
| Médium: | Kapitola |
| Jazyk: | English |
| Predmet: | |
| Tagy: |
Žiadne tagy, Buďte prvý, kto otaguje tento záznam!
|
MARC
| LEADER | 00000naa a2200000 4500 | ||
|---|---|---|---|
| 001 | 0271139 | ||
| 005 | 20240502074247.1 | ||
| 041 | 0 | |a eng | |
| 044 | |a SK | ||
| 245 | 1 | 0 | |a Ishikawa Diagram as a Managerial Tool for Solving the Problem of Poverty in Relation to Food Waste |c Bohuslava Mihalčová, Magdaléna Freňáková, Jozefína Hvastová |
| 520 | |a Pojednávanie o probléme chudoby najmä v súvislosti s plytvaním potravinami. Preskúmanie významných faktorov ovplyvňujúcich chudobu. Analýza problému chudoby pomocou manažérskeho analytického nástroja Ishikawa diagramu. Odhalenie príčin chudoby a prediskutovanie možných riešení vedúcich k znižovaniu chudoby. | ||
| 610 | 2 | 0 | |a chudoba |
| 610 | 2 | 0 | |a potraviny |
| 610 | 2 | 0 | |a plytvanie potravinami |
| 610 | 2 | 0 | |a manažment |
| 100 | 1 | |a Mihalčová, Bohuslava, 1963- | |
| 700 | 1 | |a Freňáková, Magdaléna, 1981- | |
| 700 | 1 | |a Hvastová, Jozefína, 1969- | |